| 000 | 01598cam a22003738i 4500 | ||
|---|---|---|---|
| 999 |
_c29316 _d29287 |
||
| 001 | 19712688 | ||
| 003 | EG-ScBUE | ||
| 005 | 20210804104705.0 | ||
| 008 | 170615s2018 enka f 001 0 eng d | ||
| 020 | _a9781138681439 (hardback) | ||
| 040 |
_aDLC _beng _erda _cDLC _dEG-ScBUE |
||
| 082 | 0 | 0 |
_a330.91732 _bMAY _222 |
| 100 | 1 |
_aMayer, Heike, _d1973- _eauthor. |
|
| 245 | 1 | 4 |
_aThe political economy of capital cities / _cHeike Mayer, Fritz Sager, David Kaufmann and Martin Warland. |
| 264 | 1 |
_aMilton Park, Abingdon, Oxon ; _aNew York : _bRoutledge, _c2018. |
|
| 300 |
_axxiii, 181 pages : _billustrations ; _c24 cm. |
||
| 336 |
_atext _btxt _2rdacontent |
||
| 337 |
_aunmediated _bn _2rdamedia |
||
| 338 |
_avolume _bnc _2rdacarrier |
||
| 490 | 0 |
_aRegions and cities ; _v120 |
|
| 500 | _aIncludes index. | ||
| 500 | _aIncludes appendix. | ||
| 505 | 0 | _aAbout the authors -- Preface -- Acknowledgements -- Introduction -- Framework for analyzing secondary capital cities -- Setting the scene -- The economic geography of secondary capital cities -- Innovation policies -- Conclusion: deal with it : ten recommendations to ensure SCCs thrive -- Appendix -- Index. | |
| 650 | 4 |
_aCapitals (Cities) _xEconomic aspects. _2BUEsh |
|
| 650 | 7 |
_aCapitals (Cities) _xPolitical aspects. _2BUEsh |
|
| 650 | 7 |
_aPolicy sciences. _2BUEsh |
|
| 653 |
_bBUSBOL _cAugust2021 |
||
| 655 |
_vReading book _934232 |
||
| 700 | 1 |
_aSager, Fritz, _eauthor. |
|
| 906 |
_a7 _bcbc _corignew _d1 _eecip _f20 _gy-gencatlg |
||
| 942 |
_2ddc _cBB |
||